Study of the traditional fishery knowledge in kompong khleang commune, sotrnikun district, siem reap province (សិក្សាការនេសាទតាមលក្ខណះប្រពៃណីនៅក្នុងឃំុកំពង់ឃ្លាំងស្រុកសូទ្រនិគមខេត្តសៀមរាប) (Record no. 3740)

000 -LEADER
fixed length control field 00701nam a22001577a 4500
003 - CONTROL NUMBER IDENTIFIER
control field OSt
005 - DATE AND TIME OF LATEST TRANSACTION
control field 20151130110749.0
008 - FIXED-LENGTH DATA ELEMENTS--GENERAL INFORMATION
fixed length control field 151130b xxu||||| |||| 00| 0 eng d
040 ## - CATALOGING SOURCE
Transcribing agency RUA
082 ## - DEWEY DECIMAL CLASSIFICATION NUMBER
Classification number FIS KOU 1997 B167 Or.1
100 ## - MAIN ENTRY--PERSONAL NAME
9 (RLIN) 4021
Personal name KOU, BUNTEUNG.
245 ## - TITLE STATEMENT
Title Study of the traditional fishery knowledge in kompong khleang commune, sotrnikun district, siem reap province (សិក្សាការនេសាទតាមលក្ខណះប្រពៃណីនៅក្នុងឃំុកំពង់ឃ្លាំងស្រុកសូទ្រនិគមខេត្តសៀមរាប)
260 ## - PUBLICATION, DISTRIBUTION, ETC. (IMPRINT)
Place of publication, distribution, etc. Phnom Penh
Name of publisher, distributor, etc. RUA
Date of publication, distribution, etc. 1997
300 ## - PHYSICAL DESCRIPTION
Extent 59p.
Other physical details ill.
Dimensions 29cm.
942 ## - ADDED ENTRY ELEMENTS (KOHA)
Source of classification or shelving scheme
Koha item type FIS
Holdings
Price effective from Date last seen Permanent Location Not for loan Date acquired Source of classification or shelving scheme Koha item type Barcode Lost status Damaged status Shelving location Withdrawn status Current Location Full call number
2015-11-302015-11-30Library Block B 2015-11-30 FISRUA011860  B167 Library Block BFIS KOU 1997 B167 Or.1
2015-11-302015-11-30Library Block B 2015-11-30 FISRUA011506  B167 Library Block BFIS KOU 1997 B167 Or.2
2015-11-302015-11-30Library Block B 2015-11-30 FISRUA011943  B167 Library Block BFIS KOU 1997 B167 Or.3
2015-11-302015-11-30Library Block B 2015-11-30 FISRUA011596  B167 Library Block BFIS KOU 1997 B167 Or.4
2015-11-302015-11-30Library Block B 2015-11-30 FISRUA011524  B167 Library Block BFIS KOU 1997 B167 Or.5
2015-11-302015-11-30Library Block B 2015-11-30 FISRUA011806  B167 Library Block BFIS KOU 1997 B167 Or.6
2015-11-302015-11-30Library Block B 2015-11-30 FISRUA011662  B167 Library Block BFIS KOU 1997 B167 Or.7
2015-11-302015-11-30Library Block B 2015-11-30 FISRUA011518  B167 Library Block BFIS KOU 1997 B167 Or.8
2015-11-302015-11-30Library Block B 2015-11-30 FISRUA011723  B167 Library Block BFIS KOU 1997 B167 Or.9
2015-11-302015-11-30Library Block B 2015-11-30 FISRUA011512  B167 Library Block BFIS KOU 1997 B167 Or.10
2015-11-302015-11-30Library Block B 2015-11-30 FISRUA011660  B167 Library Block BFIS KOU 1997 B167 Or.11
2015-12-082015-12-08Library Block B 2015-12-08 FISRUA010797  B167 Library Block BFIS KOU 1997 B167 Or.12
មជ្ឈមណ្ឌលឯការនៃសាកលវិទ្យាល័យភូមិន្ទកសិកម្មចំការដូង

Powered by Koha